00528nam a22001817a 450000500170000001000150001702000260003203500180005803500130007603700120008903700130010108200060011410000180012024500760013826000390021427000670025330000260032020170808170744.0 a1617CH-EN  a9780670088508c399.00 aB-643045-3073 aB-664836 bBSB/Ven bDBAD/PUB aS a Bond, Ruskin aThe room of the roof /cby Ruskin Bond; illustrated by Ahlawat Gunjan  aGurgaon bRupa Publications c2016 a7th floor Infinity Tower C, DLF Cyber City, bGurgaon e122002 axiv,205p. c21cm (Hb)